[Event "SGP-ch 74th"]
[Site "Singapore"]
[Date "2023.02.03"]
[Round "4"]
[White "Sanjay, Vasu"]
[Black "Vijay, Rege"]
[Result "1-0"]
[WhiteElo "1508"]
[BlackElo "1351"]
[PlyCount "89"]
[EventDate "2023.01.27"]
[EventType "swiss"]
[EventRounds "9"]
[EventCountry "SIN"]
[SourceTitle "CBM 212 Extra"]
[Source "ChessBase"]
[SourceDate "2023.03.31"]
[SourceVersion "1"]
[SourceVersionDate "2023.03.31"]
[SourceQuality "1"]

1. e4 c6 2. d4 d5 3. exd5 cxd5 4. c4 Nf6 5. Nc3 g6 6. Bf4 Bg7 7. Nf3 0-0 8. h3 Nc6 9. a3 Be6 10. c5 Ne4 11. Be2 Qd7 12. 0-0 Nxc3 13. bxc3 b6 14. cxb6 axb6 15. Qb3 Qb7 16. Rfb1 Rfc8 17. Qxb6 Qxb6 18. Rxb6 Na5 19. Rab1 Rxc3 20. Bd2 Rcc8 21. Ba6 Rc6 22. Rxc6 Nxc6 23. Bb7 Rb8 24. Bf4 Ne5 25. Bxe5 Bxe5 26. Nxe5 Bc8 27. Rc1 Bxb7 28. Rb1 e6 29. Nd7 Ra8 30. Rxb7 Rxa3 31. Ne5 Ra4 32. Nxf7 Rxd4 33. Nh6+ Kf8 34. Rf7+ Ke8 35. Rxh7 Rd1+ 36. Kh2 d4 37. Ng4 d3 38. Nf6+ Kf8 39. Rd7 e5 40. Ne4 Re1 41. f3 Rd1 42. Nf2 Rd2 43. Nxd3 Ke8 44. Rd5 Kf7 45. Nxe5+ 1-0